000 00479nmm a2200169Ia 4500
008 251105s9999||||xx |||||||||||||||||und||
020 _a9788433998231
041 _aspa
100 _aJeanmaire, Federico
245 0 _aAmores enanos
264 _a[Madrid, España] :
_bEditorial Anagrama,
_c2016
300 _a192 páginas
490 _aNarrativas hispánicas
650 _aLatin American narrative
856 _uhttps://public.digitaliapublishing.com/a/49000
942 _cCF
999 _c81998
_d81998